[Event "Online Olym Div3 C"]
[Site "Chess.com INT"]
[Date "2021.08.28"]
[Round "4.2"]
[White "Arakhamia Grant, Ketevan"]
[Black "Gabatshwarwe, Refilwe"]
[Result "1-0"]
[WhiteElo "2380"]
[BlackElo "1798"]
[PlyCount "95"]
[EventDate "2021.08.27"]
[EventType "team-tourn (rapid)"]
[EventRounds "9"]
[EventCountry "USA"]
[SourceTitle "CBM 204 Extra"]
[Source "ChessBase"]
[SourceDate "2021.11.30"]
[SourceVersion "1"]
[SourceVersionDate "2021.11.30"]
[SourceQuality "1"]
[WhiteTeam "Scotland"]
[BlackTeam "Botswana"]
[WhiteTeamCountry "SCO"]
[BlackTeamCountry "BOT"]

1. e4 e5 2. Nf3 Nc6 3. Bb5 a6 4. Ba4 Nf6 5. 0-0 Be7 6. Re1 b5 7. Bb3 d6 8. c3 Na5 9. Bc2 c5 10. h3 0-0 11. d4 Qc7 12. d5 c4 13. b4 cxb3 14. axb3 Bd7 15. Ba3 Rfe8 16. Nxe5 Nb7 17. Nf3 Bf8 18. Bb2 Nc5 19. Nbd2 g6 20. c4 Bg7 21. b4 Nb7 22. e5 Nh5 23. exd6 Qxd6 24. Bxg7 Nxg7 25. c5 Rxe1+ 26. Qxe1 Qxd5 27. Be4 Qh5 28. Bxb7 Re8 29. Qf1 Re6 30. Rxa6 Rxa6 31. Bxa6 g5 32. Bxb5 Be6 33. Ne4 Qg6 34. Nexg5 h6 35. Nxe6 Nxe6 36. Qd3 Qf6 37. Qe4 h5 38. Bd3 Kf8 39. c6 Nc7 40. b5 Ne8 41. b6 Nd6 42. Qe5 Qh6 43. c7 Qc1+ 44. Kh2 Qh6 45. Qd4 Nb7 46. g3 Qc6 47. Be4 Qe6 48. Bxb7 1-0

[Event "Wch FIDE Online U16 Girls"]
[Site "Tornelo INT"]
[Date "2020.12.19"]
[Round "1.1"]
[White "Gabatshwarwe, Refilwe"]
[Black "Song, Yuxin"]
[Result "0-1"]
[WhiteElo "1750"]
[BlackElo "2290"]
[PlyCount "104"]
[EventDate "2020.12.19"]
[EventType "k.o. (rapid)"]
[EventRounds "4"]
[EventCountry "ISS"]
[SourceTitle "EXT 2022"]
[Source "ChessBase"]
[SourceDate "2021.10.06"]
[SourceVersion "1"]
[SourceVersionDate "2021.10.06"]
[SourceQuality "1"]

1. d4 Nf6 2. Bf4 d5 3. e3 e6 4. Nf3 Bd6 5. Bg3 0-0 6. Nbd2 b6 7. Bd3 Bb7 8. c3 c5 9. Ne5 Nc6 10. Ndf3 Qc7 11. a4 h6 12. Qe2 Ne4 13. Nxc6 Nxg3 14. hxg3 Bxc6 15. g4 e5 16. dxe5 Bxe5 17. g5 d4 18. gxh6 g6 19. cxd4 Bxf3 20. Qxf3 cxd4 21. e4 Kh7 22. Ke2 Qd6 23. b3 Rac8 24. Rac1 Rc3 25. Rxc3 dxc3 26. Rd1 Qa3 27. Bc2 Qb2 28. Qd3 Bf6 29. e5 Bxe5 30. Qe4 Bf6 31. Rd7 Kxh6 32. Rxf7 Re8 33. Qxe8 Qxc2+ 34. Kf3 Qf5+ 35. Ke2 Qc2+ 36. Kf1 Qd1+ 37. Qe1 c2 38. Rc7 Bg5 39. Rc4 c1Q 40. Rxc1 Qxc1 41. Qxc1 Bxc1 42. Ke2 Kg5 43. Kf3 Kf5 44. Ke2 Ke4 45. Kd1 Bh6 46. Kc2 Kd4 47. g4 a5 48. f3 Ke3 49. Kc3 Kxf3 50. b4 Kxg4 51. bxa5 bxa5 52. Kc4 Bd2 0-1

[Event "Wch FIDE Online U16 Girls"]
[Site "Tornelo INT"]
[Date "2020.12.19"]
[Round "1.2"]
[White "Song, Yuxin"]
[Black "Gabatshwarwe, Refilwe"]
[Result "1-0"]
[WhiteElo "2290"]
[BlackElo "1750"]
[PlyCount "89"]
[EventDate "2020.12.19"]
[EventType "k.o. (rapid)"]
[EventRounds "4"]
[EventCountry "ISS"]
[SourceTitle "EXT 2022"]
[Source "ChessBase"]
[SourceDate "2021.10.06"]
[SourceVersion "1"]
[SourceVersionDate "2021.10.06"]
[SourceQuality "1"]

1. e4 e5 2. Nf3 Nc6 3. Bb5 a6 4. Ba4 Nf6 5. 0-0 b5 6. Bb3 Be7 7. Re1 d6 8. c3 0-0 9. h3 Na5 10. Bc2 c5 11. d4 Qc7 12. Nbd2 c4 13. b4 cxb3 14. Nxb3 Nxb3 15. Bxb3 Qxc3 16. Bg5 Qc7 17. Rc1 Qb8 18. Qc2 h6 19. Bd2 Ra7 20. Ba5 Bd8 21. Bb4 Bb6 22. dxe5 Rc7 23. Qe2 Ne8 24. exd6 Rxc1 25. Rxc1 Nxd6 26. e5 Nf5 27. Bxf8 Kxf8 28. Qc2 Be6 29. Bxe6 fxe6 30. Qc8+ Qxc8 31. Rxc8+ Kf7 32. Rc6 Bd8 33. Rxa6 b4 34. Ra7+ Kg6 35. Rd7 Bg5 36. g4 Nh4 37. Nxh4+ Bxh4 38. Kg2 Bg5 39. Kf3 Bh4 40. Rb7 Bd8 41. Rxb4 Ba5 42. Rb5 Bc7 43. a4 Bd8 44. a5 Kf7 45. a6 1-0

[Event "Africa-ch U14 Girls"]
[Site "Windhoek"]
[Date "2019.12.19"]
[Round "6.1"]
[White "Mawire, Rumbidzai"]
[Black "Gabatshwarwe, Refilwe"]
[Result "1-0"]
[WhiteElo "1406"]
[BlackElo "1693"]
[PlyCount "149"]
[EventDate "2019.12.16"]
[EventType "swiss"]
[EventRounds "9"]
[EventCountry "NAM"]
[SourceTitle "EXT 2024"]
[Source "ChessBase"]
[SourceDate "2023.10.10"]
[SourceVersion "1"]
[SourceVersionDate "2023.10.10"]
[SourceQuality "1"]

1. e4 e5 2. Nf3 Nc6 3. Bb5 a6 4. Ba4 d6 5. h3 Bd7 6. c3 g6 7. d3 Bg7 8. Qe2 Nf6 9. Bg5 h6 10. Be3 Qe7 11. Nbd2 b5 12. Bb3 Na5 13. Bc2 c5 14. 0-0 0-0 15. Rfd1 Rfc8 16. Nf1 d5 17. Ng3 d4 18. Bd2 Nb7 19. a4 Nh7 20. Re1 Nf8 21. Qd1 Be8 22. Qc1 Kh7 23. Nh2 Bd7 24. Rf1 Nd6 25. Ne2 g5 26. Ng3 Ng6 27. Nh5 Bh8 28. Bd1 Nf4 29. Nxf4 gxf4 30. Bg4 Bxg4 31. Nxg4 h5 32. Nh2 Qd7 33. Qd1 Kg6 34. Nf3 Bf6 35. cxd4 cxd4 36. Bb4 Rab8 37. Bxd6 Qxd6 38. a5 Rc6 39. Qd2 Rbc8 40. Rfc1 Rxc1+ 41. Rxc1 Rxc1+ 42. Qxc1 Bd8 43. Qc8 Kg7 44. Qf5 f6 45. Qxh5 Bxa5 46. Nh4 Kg8 47. Qg6+ Kf8 48. Nf5 Qc7 49. Qxf6+ Kg8 50. Qxa6 f3 51. gxf3 Qc1+ 52. Kg2 Qg5+ 53. Ng3 Be1 54. Qe6+ Kh8 55. Qc8+ Kh7 56. Qf5+ Kh6 57. Qxg5+ Kxg5 58. Nf5 b4 59. b3 Bd2 60. h4+ Kh5 61. Kh3 Be1 62. Ng3+ Kg6 63. Kg4 Bxf2 64. f4 exf4 65. Kxf4 Be3+ 66. Kg4 Kf6 67. Nf5 Ke5 68. Nxe3 dxe3 69. Kf3 Kd4 70. Ke2 Kc3 71. h5 Kxb3 72. Kxe3 Kc2 73. h6 b3 74. h7 b2 75. h8Q 1-0

[Event "Africa-ch U14 Girls"]
[Site "Windhoek"]
[Date "2019.12.16"]
[Round "1.1"]
[White "Gabatshwarwe, Refilwe"]
[Black "Naidoo, Mira"]
[Result "1-0"]
[WhiteElo "1693"]
[BlackElo "1066"]
[PlyCount "95"]
[EventDate "2019.12.16"]
[EventType "swiss"]
[EventRounds "9"]
[EventCountry "NAM"]
[SourceTitle "EXT 2024"]
[Source "ChessBase"]
[SourceDate "2023.10.10"]
[SourceVersion "1"]
[SourceVersionDate "2023.10.10"]
[SourceQuality "1"]

1. d4 d5 2. Bf4 Nf6 3. e3 c5 4. c3 Nc6 5. Nd2 Qb6 6. Qc2 g6 7. Rb1 c4 8. f3 Nh5 9. Bg5 Bg7 10. b3 Qc7 11. bxc4 dxc4 12. Bxc4 Ng3 13. Bf4 Bf5 14. Bd3 Nxd4 15. Qa4+ Bd7 16. Bxc7 Bxa4 17. Bxg3 Ne6 18. Ne2 Bc6 19. Nd4 Nxd4 20. cxd4 Rd8 21. Ke2 0-0 22. Be4 Bxe4 23. Nxe4 b6 24. Rhc1 Rc8 25. Nd2 Rfd8 26. Nb3 e6 27. Nd2 Bf8 28. Ne4 Be7 29. Bc7 Rd7 30. Be5 Rdd8 31. Nf6+ Bxf6 32. Bxf6 Rxc1 33. Rxc1 Rb8 34. Rc7 Ra8 35. Kd3 Kf8 36. Kc4 Ke8 37. Kb5 Kf8 38. Ka6 h6 39. Kb7 Re8 40. Kxa7 b5 41. Rb7 Rc8 42. Rxb5 Rc7+ 43. Rb7 Rc8 44. a4 Ke8 45. a5 Rc2 46. Re7+ Kf8 47. Rd7 Ke8 48. Rd8# 1-0

[Event "African-ch U20 Girls"]
[Site "Accra"]
[Date "2019.10.27"]
[Round "2.3"]
[White "Yavo Tchetche, Marie"]
[Black "Gabatshwarwe, Refilwe"]
[Result "0-1"]
[WhiteElo "1360"]
[BlackElo "1615"]
[PlyCount "68"]
[EventDate "2019.10.26"]
[EventType "swiss"]
[EventRounds "9"]
[EventCountry "GHA"]
[SourceTitle "EXT 2024"]
[Source "ChessBase"]
[SourceDate "2023.10.10"]
[SourceVersion "1"]
[SourceVersionDate "2023.10.10"]
[SourceQuality "1"]

1. d4 d5 2. Nf3 Nf6 3. e3 e6 4. c4 c6 5. cxd5 exd5 6. a3 a5 7. Bd3 Bd6 8. 0-0 Nbd7 9. Nbd2 0-0 10. b3 Re8 11. Bb2 Ne4 12. Qc2 f5 13. Bxe4 fxe4 14. Ne1 Qg5 15. Qc3 Nf6 16. f4 exf3 17. Rxf3 Bg4 18. Rf2 Qxe3 19. Qxe3 Rxe3 20. Nc2 Re7 21. Re1 Rae8 22. Rxe7 Rxe7 23. Nf3 Ne4 24. Re2 Bxf3 25. gxf3 Ng5 26. Rxe7 Bxe7 27. Kg2 Ne6 28. Kg3 Bd6+ 29. Kg2 Nf4+ 30. Kg1 Kf7 31. Bc3 Ne2+ 32. Kg2 Nxc3 33. a4 Ne2 34. Ne3 Nxd4 0-1

[Event "Africa-ch Blitz (Women)"]
[Site "Casablanca"]
[Date "2019.08.28"]
[Round "8.10"]
[White "Gabatshwarwe, Refilwe"]
[Black "Miladi, Amen"]
[Result "0-1"]
[WhiteElo "1421"]
[BlackElo "1651"]
[PlyCount "84"]
[EventDate "2019.08.28"]
[EventType "swiss (blitz)"]
[EventRounds "9"]
[EventCountry "MAR"]
[SourceTitle "EXT 2024"]
[Source "ChessBase"]
[SourceDate "2023.10.10"]
[SourceVersion "1"]
[SourceVersionDate "2023.10.10"]
[SourceQuality "1"]

1. d4 Nf6 2. Nf3 g6 3. Bf4 Bg7 4. e3 d6 5. h3 0-0 6. Nbd2 Nbd7 7. c3 Re8 8. Bh2 e5 9. Be2 e4 10. Ng1 Nd5 11. Qb3 c6 12. Bf1 f5 13. 0-0-0 N7f6 14. Ne2 Be6 15. Qc2 c5 16. Nf4 cxd4 17. Nxe6 Rxe6 18. exd4 Bh6 19. Kb1 e3 20. fxe3 Nxe3 21. Qb3 d5 22. Re1 Rb6 23. Qa3 Rc8 24. Bd3 Nxg2 25. Re2 Nf4 26. Bxf4 Bxf4 27. Rf1 Bd6 28. Qa4 Rxc3 29. Bb5 Rc8 30. Rfe1 Kf8 31. h4 Ne4 32. Nxe4 fxe4 33. Rf2+ Kg7 34. Ref1 Rc7 35. Qb3 Bg3 36. Rg2 Bxh4 37. Rh1 a6 38. Qh3 Rxb5 39. Qxh4 Qxh4 40. Rxh4 Rc4 41. Rgh2 h5 42. Rd2 Rbb4 0-1

[Event "Africa-ch Blitz (Women)"]
[Site "Casablanca"]
[Date "2019.08.28"]
[Round "3.12"]
[White "Ndirangu, Joyce Nyaruai"]
[Black "Gabatshwarwe, Refilwe"]
[Result "1-0"]
[WhiteElo "1588"]
[BlackElo "1421"]
[PlyCount "69"]
[EventDate "2019.08.28"]
[EventType "swiss (blitz)"]
[EventRounds "9"]
[EventCountry "MAR"]
[SourceTitle "EXT 2024"]
[Source "ChessBase"]
[SourceDate "2023.10.10"]
[SourceVersion "1"]
[SourceVersionDate "2023.10.10"]
[SourceQuality "1"]

1. d4 d5 2. Bf4 c5 3. dxc5 e6 4. c3 Bxc5 5. e3 a6 6. Nf3 Nf6 7. Nbd2 Nbd7 8. Bd3 Qe7 9. Ne5 Nxe5 10. Bxe5 Bd6 11. Bg3 Bxg3 12. hxg3 h6 13. Qf3 e5 14. e4 dxe4 15. Nxe4 Nxe4 16. Bxe4 Rb8 17. Rh5 g6 18. Rh1 f5 19. Bc2 e4 20. Qe3 h5 21. 0-0-0 Be6 22. Qd4 Kf7 23. Kb1 Rhd8 24. Qe3 Rxd1+ 25. Rxd1 Rd8 26. Rh1 Qf6 27. g4 f4 28. Qxe4 Bd5 29. Qb4 Bxg2 30. Rg1 Bd5 31. gxh5 gxh5 32. c4 Bc6 33. Qc5 h4 34. Qh5+ Kf8 35. Qh7 1-0

[Event "Africa-chT rapid"]
[Site "Casablanca"]
[Date "2019.08.25"]
[Round "7.1"]
[White "Gabatshwarwe, Refilwe"]
[Black "Wafa, Shahenda"]
[Result "0-1"]
[WhiteElo "1649"]
[BlackElo "2139"]
[PlyCount "108"]
[EventDate "2019.08.24"]
[EventType "team-swiss (rapid)"]
[EventRounds "9"]
[EventCountry "MAR"]
[SourceTitle "EXT 2020"]
[Source "ChessBase"]
[SourceDate "2019.10.17"]
[SourceVersion "1"]
[SourceVersionDate "2019.10.17"]
[SourceQuality "1"]
[WhiteTeam "Botswana"]
[BlackTeam "Egypt"]
[WhiteTeamCountry "BOT"]
[BlackTeamCountry "EGY"]

1. d4 f5 2. Nf3 Nf6 3. Bf4 g6 4. h3 Bg7 5. e3 d6 6. c3 c6 7. Qb3 Qb6 8. Nbd2 Qxb3 9. axb3 Nd5 10. Bh2 Nd7 11. Be2 0-0 12. 0-0 N7f6 13. Rfe1 Kh8 14. Bd3 Bd7 15. Bc2 a6 16. Rad1 Rae8 17. Ra1 Nh5 18. Nc4 Nhf6 19. Ncd2 Rc8 20. e4 fxe4 21. Nxe4 Nxe4 22. Bxe4 Nf4 23. Bc2 Rce8 24. Ng5 e5 25. dxe5 Bxe5 26. Nf3 Nxh3+ 27. gxh3 Rxf3 28. Bxe5+ dxe5 29. Be4 Rxh3 30. Bg2 Rh4 31. Re3 Bf5 32. Rae1 e4 33. f3 Bh3 34. Bxh3 Rxh3 35. fxe4 Rxe3 36. Rxe3 Kg7 37. Kg2 Kf6 38. Kg3 Ke5 39. Re1 Rf8 40. Rh1 Rf7 41. Re1 h5 42. Kh4 Rf4+ 43. Kg5 Rg4+ 44. Kh6 Rxe4 45. Rd1 Rg4 46. Rd7 h4 47. Rd3 Rg3 48. Rd2 h3 49. Rh2 g5 50. Kh5 g4 51. Kh4 Rg2 52. Rh1 h2 53. Re1+ Kd6 54. Rh1 g3 0-1

[Event "Africa-chT rapid"]
[Site "Casablanca"]
[Date "2019.08.24"]
[Round "4.3"]
[White "Gabatshwarwe, Refilwe"]
[Black "Mongeli, Sasha"]
[Result "0-1"]
[WhiteElo "1649"]
[BlackElo "1527"]
[PlyCount "170"]
[EventDate "2019.08.24"]
[EventType "team-swiss (rapid)"]
[EventRounds "9"]
[EventCountry "MAR"]
[SourceTitle "EXT 2020"]
[Source "ChessBase"]
[SourceDate "2019.10.17"]
[SourceVersion "1"]
[SourceVersionDate "2019.10.17"]
[SourceQuality "1"]
[WhiteTeam "Botswana"]
[BlackTeam "Kenya"]
[WhiteTeamCountry "BOT"]
[BlackTeamCountry "KEN"]

1. d4 Nf6 2. Nf3 d5 3. Bf4 Bf5 4. e3 e6 5. c3 c6 6. Nbd2 Nbd7 7. h3 h6 8. Be2 Be7 9. Ne5 Ne4 10. Ndf3 0-0 11. g4 Bh7 12. Nxd7 Qxd7 13. Ne5 Qd8 14. Qb3 Nd6 15. Bd3 Bxd3 16. Nxd3 Qb6 17. h4 Nc4 18. g5 h5 19. Rg1 g6 20. Rb1 Qxb3 21. axb3 Na5 22. b4 Nc4 23. Ne5 Nxe5 24. Bxe5 a5 25. bxa5 Rxa5 26. Ke2 Ra2 27. Kd3 Rfa8 28. Bg3 Kf8 29. b4 b5 30. Rgc1 R8a4 31. e4 R2a3 32. exd5 cxd5 33. Kd2 Ke8 34. Rc2 Kd7 35. Rd1 Bd6 36. Bxd6 Kxd6 37. Re1 Ra2 38. Rec1 Rxc2+ 39. Rxc2 Ra1 40. Ke2 Kc6 41. Kf3 Rh1 42. Kg3 Re1 43. Ra2 Rg1+ 44. Kf4 Rg4+ 45. Ke5 Rxh4 46. f3 Rh3 47. Kf4 Rh4+ 48. Kg3 Rh1 49. Ra7 Rg1+ 50. Kf4 Rc1 51. Rxf7 Rxc3 52. Rf6 Kd6 53. Rxg6 Rc4 54. Ke3 Rc3+ 55. Kf4 Rc4 56. Ke3 Rxb4 57. Rh6 Rb3+ 58. Ke2 Rb2+ 59. Kd3 Rb3+ 60. Ke2 Rb2+ 61. Ke3 Rb3+ 62. Ke2 Rb2+ 63. Ke1 Rh2 64. g6 b4 65. Kf1 b3 66. g7 b2 67. Rxe6+ Kxe6 68. g8Q+ Kd6 69. Qb8+ Kd7 70. Qb5+ Kd6 71. Qb6+ Kd7 72. Qb7+ Kd6 73. Qb8+ Kd7 74. Qxh2 b1Q+ 75. Kg2 Qc2+ 76. Kg3 Qc7+ 77. Kh3 Qxh2+ 78. Kxh2 Ke6 79. Kg3 Kf5 80. f4 h4+ 81. Kxh4 Kxf4 82. Kh3 Ke4 83. Kg3 Kxd4 84. Kf2 Kc3 85. Ke2 d4 0-1

[Event "World School-ch U15 Girls"]
[Site "Antalya"]
[Date "2019.04.20"]
[Round "3"]
[White "Epa, W Buthmi J"]
[Black "Gabatshwarwe, Refilwe"]
[Result "1-0"]
[WhiteElo "1405"]
[BlackElo "1634"]
[PlyCount "32"]
[EventDate "2019.04.18"]
[EventType "swiss"]
[EventRounds "9"]
[EventCountry "TUR"]
[SourceTitle "CBM 190 Extra"]
[Source "ChessBase"]
[SourceDate "2019.07.15"]
[SourceVersion "1"]
[SourceVersionDate "2019.07.15"]
[SourceQuality "1"]

1. d4 d5 2. c4 c6 3. Nc3 e6 4. cxd5 exd5 5. Nf3 Nf6 6. Bg5 Be7 7. e3 Bf5 8. Qb3 Qb6 9. Qxb6 axb6 10. Be2 Nbd7 11. 0-0 Bg6 12. h3 Ne4 13. Bxe7 Nxc3 14. bxc3 Kxe7 15. Nh4 Ra7 16. Nxg6+ hxg6 1-0